000 00817nam a2200253Ia 4500
003 OSt
005 20220923223209.0
006 a|||||r|||| 00| 0
007 ta
008 220922b |||||||| |||| 00| 0 hin d
024 _a211,860
037 _cTextual
040 _aARTS
_cARTS
_bhin
041 _2hin
_ahin
082 _aO152,3N46x, M6
100 _aबिष्ट, पंकज
245 0 _aबच्चे गवाह नहीं हो सकते
246 _aBachche gavāh nahīan ho sakate
260 _aदिल्ली
_b राधाकृष्ण प्रका0
_c1986
300 _a147पृ.
_ccm.
650 _aहिन्दी साहित्य
_9156264
942 _hO152,3N46x, M6
_cTEXL
_2CC
999 _c362135
_d362135